000 00377 a2200133 4500
005 20250628155501.0
020 _a0-07-248375-X
100 _aEDMONDS, T. P
245 _aFundamental Managerial Accounting Concepts
260 _aNew York,
_bIrwin McGraw-Hill,
_c2000
300 _axxvii, 625p.: ill.; picture, table.
_bIndex.
_c27cm
700 _aEDMOND, C. D
942 _2ddc
_cBKS
999 _c6099
_d6099